01399nam a2200373 a 450000100060000000300090000600500170001500600150003200800410004701500200008801600300010801700510013802000150018903500200020404000280022404100120025208000180026408200140028224501540029626000250045030000170047549000120049250400410050459400470054565000330059270000250062583000470065092600470069794200120074495600060075698001100076299900170087295201360088925927CO-ViMGA20230915232139.0bimo0002151216141112s2004 ck r 000 u spa d aMON0701 - 00497 abimoBNE20070005038 SpMaBN aM 39799 - 2006 Oficina Depósito Legal Madrid a8427714653 a(OCoLC)85529323 aCO-ViMGAbspacCO-ViMGA aspa ita a248.2 - 055.204a248 Ch41d10aEl dulce canto del corazón : bmujeres místicas desde Hildegarda a Simone Weil Maria Chiaia (coord.) ; [traducción, Carolina Ballester Meseguer aMadrid Narcea [2006] a198 p. 22 cm aMujeres aIncluye referencias bibliográficas aTraducción de : Il dolce canto del cuore14aMìsticismo femenino9404561 aChiaia, Maria940457 aMujeres (Narcea, S.A. de Ediciones)940458 aBNALCALA SG_PETANTI 12/403388 FONDO_MODE 1 2ddccBK a2 a017. M 39799 - 2006 020. 84 - 277 - 1465 - 3 852. 40 M - BN BNALCALA MO05051574 12/403388 DG ALCALA c33164d33164 00102ddc40708003aMEVIECARbMEVIECARd2015-12-04h03/sep/2014l0o248 Ch41d p27203r2015-12-04 00:00:00tEj. 1w2015-12-04yBK